000 00554nam a2200205Ia 4500
003 GCL
008 140319s9999 xx 000 0 eng d
040 _aGCL /
_cGCL
082 0 4 _a844
_bM M
100 1 _aMANSOUR,ANIS
245 1 0 _aMON CHER INCONNU /
_cMANSOUR,ANIS
700 1 _aEL- BIALI,ZAHIRA(TRNSLATOR)
260 _a[S.N] :
_bGENERAL EGYPTIAN BOOK ORGANITION ،
_c1989
300 _a90P
650 0 4 _aLITERATURE
650 0 4 _aARTICLES LITERATURE
650 0 4 _aMANSOUR, ANIS - ARTICLES
650 0 4 _aARTICLES- LITERATURE
942 _2ddc
_cBK
999 _c12337
_d12337